Les communes de la Manche (50) - Statistiques

Statistiques générales
  • Ce quiz a été pris 37 fois
  • Le résultat moyen est 45 sur 447
Statistiques - réponses
Canton Commune % Correct
Coutances Coutances
79%
Avranches Avranches
75%
Saint-Lô-1 Saint-Lô
75%
Cherbourg-en-Cotentin-1 Cherbourg-en-Cotentin
71%
Granville Granville
71%
Pontorson Pontorson
64%
Bréhal Bréhal
61%
La Hague La Hague
61%
Les Pieux Les Pieux
61%
Condé-sur-Vire Condé-sur-Vire
57%
Pont-Hébert Pont-Hébert
57%
Quettreville-sur-Sienne Quettreville-sur-Sienne
57%
Isigny-le-Buat Isigny-le-Buat
54%
Saint-Hilaire-du-Harcouët Saint-Hilaire-du-Harcouët
54%
Valognes Valognes
54%
Carentan-les-Marais Carentan-les-Marais
50%
Créances Créances
50%
Pontorson Le Mont-Saint-Michel
50%
Agon-Coutainville Agon-Coutainville
46%
Bricquebec-en-Cotentin Bricquebec-en-Cotentin
43%
Villedieu-les-Poêles-Rouffigny Villedieu-les-Poêles-Rouffigny
43%
Val-de-Saire Barfleur
36%
Saint-Hilaire-du-Harcouët Saint-James
36%
Saint-Lô-1 Agneaux
32%
Val-de-Saire Saint-Vaast-la-Hougue
32%
Créances La Haye
29%
Carentan-les-Marais Sainte-Mère-Église
29%
Les Pieux Barneville-Carteret
25%
Avranches Carolles
21%
Villedieu-les-Poêles-Rouffigny Champrepus
21%
Les Pieux Flamanville
21%
Agon-Coutainville Gouville-sur-Mer
21%
Avranches Jullouville
21%
Les Pieux Le Mesnil
21%
Créances Lessay
21%
Bricquebec-en-Cotentin Négreville
21%
Agon-Coutainville Périers
21%
Val-de-Saire Réville
21%
Valognes Sortosville
21%
Les Pieux Benoîtville
18%
Agon-Coutainville Blainville-sur-Mer
18%
Valognes Brix
18%
Bréhal Cérences
18%
Avranches Genêts
18%
Bréhal La Haye-Pesnel
18%
Cherbourg-en-Cotentin-3 Martinvast
18%
Valognes Montebourg
18%
Carentan-les-Marais Picauville
18%
Les Pieux Port-Bail-sur-Mer
18%
Valognes Quinéville
18%
Bricquebec-en-Cotentin Rauville-la-Bigot
18%
Val-de-Saire Saint-Pierre-Église
18%
Bricquebec-en-Cotentin Saint-Sauveur-le-Vicomte
18%
Les Pieux Surtainville
18%
Les Pieux Tréauville
18%
Avranches Bacilly
14%
Saint-Lô-2 Baudre
14%
Pontorson Beauvoir
14%
Quettreville-sur-Sienne Belval
14%
Isigny-le-Buat Brécey
14%
Cherbourg-en-Cotentin-5 Bretteville
14%
Bricquebec-en-Cotentin Breuville
14%
Coutances Cambernon
14%
Quettreville-sur-Sienne Cametours
14%
Saint-Lô-2 Canisy
14%
Pont-Hébert Cerisy-la-Forêt
14%
Quettreville-sur-Sienne Cerisy-la-Salle
14%
Cherbourg-en-Cotentin-3 Couville
14%
Cherbourg-en-Cotentin-5 Digosville
14%
Avranches Dragey-Ronthon
14%
Val-de-Saire Fermanville
14%
Val-de-Saire Gonneville-Le Theil
14%
Coutances Gratot
14%
Les Pieux Grosville
14%
Quettreville-sur-Sienne Hambye
14%
Les Pieux Helleville
14%
Saint-Lô-2 La Barre-de-Semilly
14%
Valognes Le Ham
14%
Condé-sur-Vire Moyon Villages
14%
Bricquebec-en-Cotentin Néhou
14%
Quettreville-sur-Sienne Ouville
14%
Créances Pirou
14%
Pontorson Pontaubault
14%
Saint-Lô-2 Quibou
14%
Saint-Lô-1 Saint-Gilles
14%
Avranches Saint-Jean-le-Thomas
14%
Granville Saint-Pair-sur-Mer
14%
Avranches Sartilly-Baie-Bocage
14%
Quettreville-sur-Sienne Savigny
14%
Cherbourg-en-Cotentin-3 Sideville
14%
Bricquebec-en-Cotentin Sottevast
14%
Les Pieux Sotteville
14%
Condé-sur-Vire Tessy-Bocage
14%
Cherbourg-en-Cotentin-3 Tollevast
14%
Condé-sur-Vire Torigny-les-Villes
14%
Valognes Urville
14%
Valognes Yvetot-Bocage
14%
Carentan-les-Marais Auvers
11%
Le Mortainais Barenton
11%
Saint-Lô-2 Bourgvallées
11%
Saint-Lô-2 Carantilly
11%
Bréhal Coudeville-sur-Mer
11%
Coutances Courcy
11%
Saint-Lô-2 Dangy
11%
Pontorson Ducey-Les Chéris
11%
Agon-Coutainville Feugères
11%
Les Pieux Fierville-les-Mines
11%
Villedieu-les-Poêles-Rouffigny Fleury
11%
Quettreville-sur-Sienne Gavray-sur-Sienne
11%
Agon-Coutainville Gorges
11%
Agon-Coutainville Hauteville-la-Guichard
11%
Pontorson Juilley
11%
Quettreville-sur-Sienne La Baleine
11%
Bréhal La Mouche
11%
Bréhal Le Loreur
11%
Saint-Lô-1 Le Mesnil-Eury
11%
Les Pieux Le Rozel
11%
Les Pieux Les Moitiers-d'Allonne
11%
Le Mortainais Le Teilleul
11%
Pontorson Le Val-Saint-Père
11%
Val-de-Saire Le Vast
11%
Avranches Marcey-les-Grèves
11%
Agon-Coutainville Marchésieux
11%
Saint-Lô-1 Marigny-Le-Lozon
11%
Créances Millières
11%
Quettreville-sur-Sienne Montpinchon
11%
Créances Montsenelle
11%
Le Mortainais Mortain-Bocage
11%
Coutances Nicorps
11%
Coutances Orval sur Sienne
11%
Les Pieux Pierreville
11%
Val-de-Saire Quettehou
11%
Saint-Lô-1 Remilly Les Marais
11%
Bricquebec-en-Cotentin Rocheville
11%
Quettreville-sur-Sienne Roncey
11%
Les Pieux Saint-Christophe-du-Foc
11%
Quettreville-sur-Sienne Saint-Denis-le-Gast
11%
Quettreville-sur-Sienne Saint-Denis-le-Vêtu
11%
Carentan-les-Marais Sainte-Marie-du-Mont
11%
Les Pieux Saint-Germain-le-Gaillard
11%
Créances Saint-Germain-sur-Ay
11%
Bricquebec-en-Cotentin Saint-Jacques-de-Néhou
11%
Bréhal Saint-Jean-des-Champs
11%
Valognes Saint-Joseph
11%
Isigny-le-Buat Saint-Laurent-de-Cuves
11%
Agon-Coutainville Saint-Malo-de-la-Lande
11%
Agon-Coutainville Saint-Martin-d'Aubigny
11%
Agon-Coutainville Saint-Sauveur-Villages
11%
Agon-Coutainville Saint-Sébastien-de-Raids
11%
Coutances Saussey
11%
Les Pieux Siouville-Hague
11%
Les Pieux Sortosville-en-Beaumont
11%
Val-de-Saire Teurthéville-Bocage
11%
Cherbourg-en-Cotentin-3 Teurthéville-Hague
11%
Avranches Vains
11%
Créances Vesly
11%
Cherbourg-en-Cotentin-3 Virandeville
11%
Granville Yquelon
11%
Pont-Hébert Airel
7%
Bréhal Anctoville-sur-Boscq
7%
Quettreville-sur-Sienne Annoville
7%
Carentan-les-Marais Appeville
7%
Agon-Coutainville Auxais
7%
Pont-Hébert Bérigny
7%
Bricquebec-en-Cotentin Besneville
7%
Carentan-les-Marais Blosville
7%
Créances Bretteville-sur-Ay
7%
Bréhal Bréville-sur-Mer
7%
Les Pieux Bricquebosq
7%
Bréhal Bricqueville-sur-Mer
7%
Val-de-Saire Brillevast
7%
Coutances Camprond
7%
Val-de-Saire Canteloup
7%
Avranches Champeaux
7%
Bréhal Chanteloup
7%
Bricquebec-en-Cotentin Colomby
7%
Pontorson Crollon
7%
Condé-sur-Vire Domjean
7%
Granville Donville-les-Bains
7%
Créances Doville
7%
Valognes Flottemanville
7%
Bréhal Folligny
7%
Val-de-Saire Gatteville-le-Phare
7%
Agon-Coutainville Geffosses
7%
Agon-Coutainville Gonfreville
7%
Quettreville-sur-Sienne Grimesnil
7%
Cherbourg-en-Cotentin-3 Hardinvast
7%
Quettreville-sur-Sienne Hauteville-sur-Mer
7%
Les Pieux Héauville
7%
Coutances Heugueville-sur-Sienne
7%
Créances La Feuillie
7%
Villedieu-les-Poêles-Rouffigny Le Guislain
7%
Saint-Lô-1 Le Lorey
7%
Bréhal Le Mesnil-Aubert
7%
Cherbourg-en-Cotentin-5 Le Mesnil-au-Val
7%
Pont-Hébert Le Mesnil-Rouxelin
7%
Le Mortainais Le Neufbourg
7%
Avranches Le Parc
7%
Saint-Hilaire-du-Harcouët Les Loges-Marchis
7%
Bricquebec-en-Cotentin L'Étang-Bertrand
7%
Val-de-Saire Le Vicel
7%
Bricquebec-en-Cotentin Magneville
7%
Villedieu-les-Poêles-Rouffigny Maupertuis
7%
Val-de-Saire Maupertus-sur-Mer
7%
Carentan-les-Marais Méautis
7%
Quettreville-sur-Sienne Montaigu-les-Bois
7%
Agon-Coutainville Montcuit
7%
Val-de-Saire Montfarville
7%
Coutances Monthuchon
7%
Quettreville-sur-Sienne Montmartin-sur-Mer
7%
Pont-Hébert Moon-sur-Elle
7%
Bréhal Muneville-sur-Mer
7%
Agon-Coutainville Nay
7%
Carentan-les-Marais Neuville-au-Plain
7%
Quettreville-sur-Sienne Notre-Dame-de-Cenilly
7%
Cherbourg-en-Cotentin-3 Nouainville
7%
Villedieu-les-Poêles-Rouffigny Percy-en-Normandie
7%
Pontorson Poilley
7%
Avranches Ponts
7%
Agon-Coutainville Raids
7%
Bricquebec-en-Cotentin Rauville-la-Place
7%
Isigny-le-Buat Reffuveille
7%
Coutances Regnéville-sur-Mer
7%
Le Mortainais Romagny Fontenay
7%
Condé-sur-Vire Saint-Amand-Villages
7%
Isigny-le-Buat Saint-Brice
7%
Valognes Saint-Cyr
7%
Saint-Lô-2 Sainte-Suzanne-sur-Vire
7%
Pont-Hébert Saint-Fromond
7%
Pont-Hébert Saint-Georges-Montcocq
7%
Pont-Hébert Saint-Germain-d'Elle
7%
Agon-Coutainville Saint-Germain-sur-Sèves
7%
Pont-Hébert Saint-Jean-de-Daye
7%
Condé-sur-Vire Saint-Jean-d'Elle
7%
Isigny-le-Buat Saint-Loup
7%
Valognes Saint-Marcouf
7%
Quettreville-sur-Sienne Saint-Martin-de-Cenilly
7%
Cherbourg-en-Cotentin-3 Saint-Martin-le-Gréard
7%
Pontorson Saint-Ovin
7%
Les Pieux Saint-Pierre-d'Arthéglise
7%
Coutances Saint-Pierre-de-Coutances
7%
Pont-Hébert Saint-Pierre-de-Semilly
7%
Pontorson Saint-Quentin-sur-le-Homme
7%
Le Mortainais Sourdeval
7%
Valognes Tamerville
7%
Carentan-les-Marais Terre-et-Marais
7%
Val-de-Saire Théville
7%
Coutances Tourville-sur-Sienne
7%
Pont-Hébert Tribehou
7%
Villedieu-les-Poêles-Rouffigny Villebaudon
7%
Pont-Hébert Amigny
4%
Val-de-Saire Anneville-en-Saire
4%
Pontorson Aucey-la-Plaine
4%
Carentan-les-Marais Audouville-la-Hubert
4%
Val-de-Saire Aumeville-Lestre
4%
Valognes Azeville
4%
Les Pieux Baubigny
4%
Carentan-les-Marais Baupte
4%
Bréhal Beauchamps
4%
Condé-sur-Vire Beaucoudray
4%
Le Mortainais Beauficel
4%
Villedieu-les-Poêles-Rouffigny Beslon
4%
Condé-sur-Vire Beuvrigny
4%
Carentan-les-Marais Beuzeville-la-Bastille
4%
Condé-sur-Vire Biéville
4%
Bricquebec-en-Cotentin Biniville
4%
Villedieu-les-Poêles-Rouffigny Boisyvon
4%
Villedieu-les-Poêles-Rouffigny Bourguenolles
4%
Coutances Brainville
4%
Coutances Bricqueville-la-Blouette
4%
Le Mortainais Brouains
4%
Saint-Hilaire-du-Harcouët Buais-Les-Monts
4%
Créances Canville-la-Rocque
4%
Val-de-Saire Carneville
4%
Bricquebec-en-Cotentin Catteville
4%
Pont-Hébert Cavigny
4%
Le Mortainais Chaulieu
4%
Avranches Chavoy
4%
Villedieu-les-Poêles-Rouffigny Chérencé-le-Héron
4%
Val-de-Saire Clitourps
4%
Villedieu-les-Poêles-Rouffigny Coulouvray-Boisbenâtre
4%
Pontorson Courtils
4%
Pont-Hébert Couvains
4%
Val-de-Saire Crasville
4%
Isigny-le-Buat Cuves
4%
Valognes Écausseville
4%
Valognes Émondeville
4%
Bréhal Équilly
4%
Valognes Éroudeville
4%
Bricquebec-en-Cotentin Étienville
4%
Valognes Fontenay-sur-Mer
4%
Condé-sur-Vire Fourneaux
4%
Valognes Fresville
4%
Le Mortainais Gathemo
4%
Le Mortainais Ger
4%
Bricquebec-en-Cotentin Golleville
4%
Condé-sur-Vire Gouvets
4%
Pont-Hébert Graignes-Mesnil-Angot
4%
Saint-Hilaire-du-Harcouët Grandparigny
4%
Saint-Hilaire-du-Harcouët Hamelin
4%
Bricquebec-en-Cotentin Hautteville-Bocage
4%
Valognes Hémevez
4%
Carentan-les-Marais Hiesville
4%
Bréhal Hudimesnil
4%
Pontorson Huisnes-sur-Mer
4%
Valognes Joganville
4%
Isigny-le-Buat Juvigny les Vallées
4%
Villedieu-les-Poêles-Rouffigny La Bloutière
4%
Bricquebec-en-Cotentin La Bonneville
4%
Isigny-le-Buat La Chaise-Baudouin
4%
Villedieu-les-Poêles-Rouffigny La Chapelle-Cécelin
4%
Isigny-le-Buat La Chapelle-Urée
4%
Villedieu-les-Poêles-Rouffigny La Colombe
4%
Isigny-le-Buat La Godefroy
4%
Villedieu-les-Poêles-Rouffigny La Haye-Bellefond
4%
Les Pieux La Haye-d'Ectot
4%
Villedieu-les-Poêles-Rouffigny La Lande-d'Airou
4%
Bréhal La Lucerne-d'Outremer
4%
Saint-Lô-2 La Luzerne
4%
Condé-sur-Vire Lamberville
4%
Pont-Hébert La Meauffe
4%
Bréhal La Meurdraquière
4%
Saint-Hilaire-du-Harcouët Lapenty
4%
Villedieu-les-Poêles-Rouffigny La Trinité
4%
Créances Laulne
4%
Coutances La Vendelée
4%
Pont-Hébert Le Dézert
4%
Le Mortainais Le Fresne-Poret
4%
Isigny-le-Buat Le Grand-Celland
4%
Bréhal Le Grippon
4%
Bréhal Le Luot
4%
Isigny-le-Buat Le Mesnil-Adelée
4%
Quettreville-sur-Sienne Le Mesnil-Garnier
4%
Isigny-le-Buat Le Mesnil-Gilbert
4%
Saint-Hilaire-du-Harcouët Le Mesnillard
4%
Pontorson Le Mesnil-Ozenne
4%
Pont-Hébert Le Mesnil-Véneron
4%
Quettreville-sur-Sienne Lengronne
4%
Condé-sur-Vire Le Perron
4%
Créances Le Plessis-Lastelle
4%
Isigny-le-Buat Les Cresnays
4%
Valognes Lestre
4%
Villedieu-les-Poêles-Rouffigny Le Tanu
4%
Carentan-les-Marais Liesville-sur-Douve
4%
Valognes Lieusaint
4%
Isigny-le-Buat Lingeard
4%
Quettreville-sur-Sienne Lingreville
4%
Bréhal Longueville
4%
Pontorson Marcilly
4%
Villedieu-les-Poêles-Rouffigny Margueray
4%
Villedieu-les-Poêles-Rouffigny Montabot
4%
Valognes Montaigu-la-Brisette
4%
Villedieu-les-Poêles-Rouffigny Montbray
4%
Saint-Hilaire-du-Harcouët Montjoie-Saint-Martin
4%
Condé-sur-Vire Montrabot
4%
Saint-Lô-1 Montreuil-sur-Lozon
4%
Villedieu-les-Poêles-Rouffigny Morigny
4%
Bricquebec-en-Cotentin Morville
4%
Saint-Hilaire-du-Harcouët Moulines
4%
Agon-Coutainville Muneville-le-Bingard
4%
Créances Neufmesnil
4%
Bricquebec-en-Cotentin Neuville-en-Beaumont
4%
Val-de-Saire Octeville-l'Avenel
4%
Bricquebec-en-Cotentin Orglandes
4%
Valognes Ozeville
4%
Le Mortainais Perriers-en-Beauficel
4%
Pontorson Précey
4%
Pont-Hébert Rampan
4%
Bricquebec-en-Cotentin Reigneville-Bocage
4%
Pontorson Sacey
4%
Carentan-les-Marais Saint-André-de-Bohon
4%
Pont-Hébert Saint-André-de-l'Épine
4%
Bréhal Saint-Aubin-des-Préaux
4%
Saint-Hilaire-du-Harcouët Saint-Aubin-de-Terregatte
4%
Le Mortainais Saint-Barthélemy
4%
Saint-Hilaire-du-Harcouët Saint-Brice-de-Landelles
4%
Pont-Hébert Saint-Clair-sur-l'Elle
4%
Le Mortainais Saint-Clément-Rancoudray
4%
Le Mortainais Saint-Cyr-du-Bailleul
4%
Villedieu-les-Poêles-Rouffigny Sainte-Cécile
4%
Bricquebec-en-Cotentin Sainte-Colombe
4%
Val-de-Saire Sainte-Geneviève
4%
Valognes Saint-Floxel
4%
Les Pieux Saint-Georges-de-la-Rivière
4%
Isigny-le-Buat Saint-Georges-de-Livoye
4%
Pont-Hébert Saint-Georges-d'Elle
4%
Le Mortainais Saint-Georges-de-Rouelley
4%
Valognes Saint-Germain-de-Tournebut
4%
Carentan-les-Marais Saint-Germain-de-Varreville
4%
Avranches Saint-Jean-de-la-Haize
4%
Les Pieux Saint-Jean-de-la-Rivière
4%
Pont-Hébert Saint-Jean-de-Savigny
4%
Isigny-le-Buat Saint-Jean-du-Corail-des-Bois
4%
Saint-Hilaire-du-Harcouët Saint-Laurent-de-Terregatte
4%
Condé-sur-Vire Saint-Louet-sur-Vire
4%
Valognes Saint-Martin-d'Audouville
4%
Saint-Lô-2 Saint-Martin-de-Bonfossé
4%
Carentan-les-Marais Saint-Martin-de-Varreville
4%
Villedieu-les-Poêles-Rouffigny Saint-Martin-le-Bouillant
4%
Villedieu-les-Poêles-Rouffigny Saint-Maur-des-Bois
4%
Les Pieux Saint-Maurice-en-Cotentin
4%
Isigny-le-Buat Saint-Michel-de-Montjoie
4%
Créances Saint-Nicolas-de-Pierrepont
4%
Isigny-le-Buat Saint-Nicolas-des-Bois
4%
Créances Saint-Patrice-de-Claids
4%
Avranches Saint-Pierre-Langers
4%
Bréhal Saint-Planchers
4%
Villedieu-les-Poêles-Rouffigny Saint-Pois
4%
Créances Saint-Sauveur-de-Pierrepont
4%
Bréhal Saint-Sauveur-la-Pommeraye
4%
Condé-sur-Vire Saint-Vigor-des-Monts
4%
Valognes Saussemesnil
4%
Saint-Hilaire-du-Harcouët Savigny-le-Vieux
4%
Carentan-les-Marais Sébeville
4%
Les Pieux Sénoville
4%
Bricquebec-en-Cotentin Taillepied
4%
Pontorson Tanis
4%
Saint-Lô-1 Thèreval
4%
Isigny-le-Buat Tirepied-sur-Sée
4%
Val-de-Saire Tocqueville
4%
Carentan-les-Marais Turqueville
4%
Val-de-Saire Valcanville
4%
Créances Varenguebec
4%
Val-de-Saire Varouville
4%
Valognes Vaudreville
4%
Quettreville-sur-Sienne Ver
4%
Isigny-le-Buat Vernix
4%
Val-de-Saire Vicq-sur-Mer
4%
Val-de-Saire Videcosville
4%
Pont-Hébert Villiers-Fossard
4%
Carentan-les-Marais Boutteville
0%
Pontorson Céaux
0%
Bricquebec-en-Cotentin Crosville-sur-Douve
0%
Bréhal Hocquigny
0%
Valognes Huberville
0%
Val-de-Saire La Pernelle
0%
Saint-Lô-1 Le Mesnil-Amey
0%
Quettreville-sur-Sienne Le Mesnil-Villeman
0%
Isigny-le-Buat Le Petit-Celland
0%
Isigny-le-Buat Les Loges-sur-Brécey
0%
Avranches Lolif
0%
Isigny-le-Buat Notre-Dame-de-Livoye
0%
Saint-Lô-2 (préfecture)
0%
Saint-Hilaire-du-Harcouët Saint-Senier-de-Beuvron
0%
Isigny-le-Buat Saint-Senier-sous-Avranches
0%
Pontorson Servon
0%
Bréhal Subligny
0%
Aucun quiz correspondant
Distribution des résultats
% des personnes avec chaque résultat
Percentile par nombre de réponses
Votre historique - résultats
Vous n’avez pas pris ce quiz